<?xml version="1.0" encoding="utf-8"?>
<?xml-stylesheet type='text/xsl' href='./oai2.xsl'?>
<OAI-PMH xmlns="http://www.openarchives.org/OAI/2.0/" xmlns:xsi="http://www.w3.org/2001/XMLSchema-instance" xsi:schemaLocation="http://www.openarchives.org/OAI/2.0/ http://www.openarchives.org/OAI/2.0/OAI-PMH.xsd">
  <responseDate>2026-05-12T00:43:57Z</responseDate>
  <request verb="GetRecord" metadataPrefix="marcxml" identifier="record_kuniweb_68802">https://kulturerbe.niedersachsen.de/oai</request>
  <GetRecord>
    <record>
      <header>
        <identifier>record_kuniweb_68802</identifier>
        <datestamp>2015-06-19T12:07:43Z</datestamp>
        <setSpec>slg0103</setSpec>
      </header>
      <metadata>
        <marc:record xmlns:marc="http://www.loc.gov/MARC21/slim" xsi:schemaLocation="http://www.loc.gov/MARC21/slim http://www.loc.gov/standards/marcxml/schema/MARC21slim.xsd">
          <marc:leader>12345nem  22     uu 4500</marc:leader>
          <marc:controlfield tag="001">68802</marc:controlfield>
          <marc:controlfield tag="003">http://kuniweb.gbv.de</marc:controlfield>
          <marc:controlfield tag="005">2015-04-16T09:20:41</marc:controlfield>
          <marc:controlfield tag="008">|           ||||||||||||||||||||||</marc:controlfield>
          <marc:datafield tag="245" ind1="1" ind2="0">
            <marc:subfield code="a">Plan von Hameln u. Umgebung.</marc:subfield>
          </marc:datafield>
          <marc:datafield tag="655" ind1=" " ind2="7">
            <marc:subfield code="a">Karten</marc:subfield>
          </marc:datafield>
          <marc:datafield tag="046" ind1=" " ind2=" ">
            <marc:subfield code="k">1902</marc:subfield>
            <marc:subfield code="k">auf der Karte datiert 1902</marc:subfield>
          </marc:datafield>
          <marc:datafield tag="260" ind1=" " ind2=" ">
            <marc:subfield code="g">1902</marc:subfield>
            <marc:subfield code="g">auf der Karte datiert 1902</marc:subfield>
          </marc:datafield>
          <marc:datafield tag="300" ind1=" " ind2=" ">
            <marc:subfield code="a">Höhe: 71 cm
Breite: 58,5 cm</marc:subfield>
          </marc:datafield>
          <marc:datafield tag="520" ind1=" " ind2=" ">
            <marc:subfield code="a">Ausrichtung:Norden 
Rückseite: leer

Anmerkungen: 
gezeichnet vermutlich von P. Krautwurst, Vermessungs- und Tiefbaubüro Hameln - Die  Karte trägt folgenden handschriftlichen Text: „Der klösterliche Besitz ist rot umrändert. Die eingetragenen Zahlen sind die Nummern der Grundstücke nach der Verkoppelung.“, unterschrieben von Bottemberg, Klosterkammer-Sekretär. Vermutlich war die Karte im Besitz der Klosterkammer Hannover. – Es handelt sich um eine Faltkarte, in 16 Teilen auf Leinen aufgezogen und in einen festen roten Umschlag geklebt  (Abb. Weser 07 b) mit dem abweichendem Titel „Übersichtskarte von der Gemarkung Hameln“. – Vgl. Karte Weser 04.

Maßstab: 1 zu 10000

Veröffentlicht in:
herausgegeben vom Vermessungs- und Tiefbaubüro Hameln, Hameln 1902</marc:subfield>
          </marc:datafield>
          <marc:datafield tag="773" ind1="0" ind2=" ">
            <marc:subfield code="t">Sammlung Körber-Einbeck</marc:subfield>
          </marc:datafield>
          <marc:datafield tag="852" ind1=" " ind2=" ">
            <marc:subfield code="a">Institut für Historische Landesforschung der Universität Göttingen</marc:subfield>
          </marc:datafield>
          <marc:datafield tag="" ind1=" " ind2=" ">
            <marc:subfield code="a">Namensnennung-Nicht kommerziell 4.0 International (CC BY-NC 4.0))</marc:subfield>
          </marc:datafield>
        </marc:record>
      </metadata>
    </record>
  </GetRecord>
</OAI-PMH>
